| 000 | 00454nam a22001697a 4500 | ||
|---|---|---|---|
| 003 | MACL | ||
| 005 | 20160730151841.0 | ||
| 008 | 160730b xxu||||| |||| 00| 0 eng d | ||
| 040 | _cMACL | ||
| 041 | _aEnglish | ||
| 082 | _a100 GHI | ||
| 100 |
_aGhim, Moo-Saeng _965839 |
||
| 245 |
_aThe Theory and Practice Of Mantra _cMoo-Saeng Ghim |
||
| 260 |
_aNew Delhi _bMunshiram Manoharlal Publishers _c2014 |
||
| 650 |
_aPhilosophy _965840 |
||
| 942 |
_2ddc _cBK |
||
| 999 |
_c55371 _d55371 |
||